000 00328nam a22001337a 4500
008 181019b xxu||||| |||| 00| 0 eng d
020 _a9780307589446
041 _aeng
080 _a371
100 _a46
101 _aEDU
245 _aSurviving your stupid stupid decision to go to grad school
_cRuben,A
942 _2udc
_cBK
999 _c50279
_d50279